000 00763nam a22002537a 4500
999 _c437081
_d437081
001 38566
003 UA-OsUOA
005 20191008161258.0
007 ta
008 20080123b un ||||| |||| 00| 0 ukr d
040 _aUA-OsUOA
_beng
_cUA-OsUOA
_dUA-OsUOA
041 _aeng
080 _a94(477).06-09
090 _a94(477).06-09
100 _aLandwehr R.
245 _aFighting for freedom: the ukrainian volunteer division of the Waffen-SS
260 _aMaryland
_c1985
300 _a224 р.
650 7 _a9 Географія. Біографії. Історія
_2UDC
942 _cBK
_2udc
955 _a1